000
00269nam a22000977a 4500
999
_c
514982
_d
514982
082
_a
TNC A99 V819
100
_a
Virupakshappa,B.
_9
20015
245
_a
Allama Prabhu
_b
His life and message
_c
by B.Virupakshappa
260
_a
Bangalore
_b
Basava Samithi
_c
25003
300
_a
161p.